Big Mac Jingle Lyrics Quiz - Statistics

General Stats
  • This quiz has been taken 24 times
  • The average score is 12 of 15
Answer Stats
Answer % Correct
a
86%
cheese
86%
lettuce
86%
on
86%
beef
82%
bun
82%
onions
82%
patties
82%
pickles
82%
sauce
82%
special
82%
all
77%
seed
77%
sesame
77%
Two
77%
No matching quizzes found
Score Distribution
Percent of People with Each Score
Percentile by Number Answered
Your Score History
You have not taken this quiz